Missing Word: Films Set in France Quiz Stats

Quiz Updated Jul 17, 2016

Challenge
Share
Tweet
Embed
Score 0/22 Timer 05:00
0 Plays Today
Title Missing Word % Correct
The Da Vinci ____Code
98.7%
The ____ MusketeersThree
98.5%
Moulin ____!Rouge
98.3%
____ and the BeastBeauty
98%
The ____ of Notre DameHunchback
96.3%
The ____ IdentityBourne
95%
The Man in the ____ MaskIron
94.7%
Dirty ____ ScoundrelsRotten
92%
Les ____Misérables
91.6%
An ____ in ParisAmerican
86.2%
____ & JuliaJulie
85.4%
Title Missing Word % Correct
Marie ____Antoinette
74%
Last ____ in ParisTango
72.9%
La Vie en ____Rose
68.4%
Funny ____Face
48.2%
____ in ParisMidnight
47.9%
____, je t'aimeParis
42.9%
Before ____Sunset
42.7%
The ____ of BernadetteSong
38.2%
The Hundred-Foot ____Journey
31.4%
____ DivorceLe
26.2%
A Good ____Year
19%

Today's Daily Dose

Word Ladder
'90s Movies

Quick Pick
'Fire' Movies

On This Day
June 19th II

You're not logged in!

Compare scores with friends on all Sporcle quizzes.
Join for Free
OR
Log In

You Might Also Like...

Show Comments

Extras

Top Quizzes Today


Score Distribution

Your Account Isn't Verified!

In order to create a playlist on Sporcle, you need to verify the email address you used during registration. Go to your Sporcle Settings to finish the process.

Report this User

Report this user for behavior that violates our Community Guidelines.

Details: